Reputation management in societal security: a comparative study (Record no. 117086)

000 -LEADER
fixed length control field 01792pab a2200217 454500
008 - FIXED-LENGTH DATA ELEMENTS--GENERAL INFORMATION
fixed length control field 180718b2018 xxu||||| |||| 00| 0 eng d
100 ## - MAIN ENTRY--PERSONAL NAME
Personal name Christensen, Tom
245 ## - TITLE STATEMENT
Title Reputation management in societal security: a comparative study
260 ## - PUBLICATION, DISTRIBUTION, ETC.
Date of publication, distribution, etc. 2018
300 ## - PHYSICAL DESCRIPTION
Extent p.119-132.
362 ## - DATES OF PUBLICATION AND/OR SEQUENTIAL DESIGNATION
Dates of publication and/or sequential designation Feb
520 ## - SUMMARY, ETC.
Summary, etc. Societal security poses fundamental challenges for the doctrines of accountability and transparency in government. At least some of the national security state?s effectiveness requires a degree of non-transparency, raising questions about legitimacy. This article explores in cross-national and cross-sectoral perspective, how organizations seek to manage their reputation by accounting for their activities. This article contributes in three main ways. First, it highlights how distinct tasks facilitate and constrain certain reputation management strategies. Second, it suggests that these reputational considerations shape the way in which organizations can give account. Third, it considers three domains associated with societal security, namely intelligence, flood defense, and food safety, in five European countries with different state traditions?the United Kingdom, Germany, Denmark, Sweden, and Norway. By using a ?web census,? this article investigates cross-sectoral and cross-national variation in the way organizations seek to account for their activities and manage their reputation. This article finds variation across tasks to be more dominant than national variation. - Reproduced
650 ## - SUBJECT ADDED ENTRY--TOPICAL TERM
Topical term or geographic name entry element Reputation management
650 ## - SUBJECT ADDED ENTRY--TOPICAL TERM
Topical term or geographic name entry element Secrecy in government
650 ## - SUBJECT ADDED ENTRY--TOPICAL TERM
Topical term or geographic name entry element Transportation
650 ## - SUBJECT ADDED ENTRY--TOPICAL TERM
Topical term or geographic name entry element Accountability
650 ## - SUBJECT ADDED ENTRY--TOPICAL TERM
Topical term or geographic name entry element Public administration
700 ## - ADDED ENTRY--PERSONAL NAME
Personal name Lodge, Martin
773 ## - HOST ITEM ENTRY
Main entry heading American Review of Public Administration
909 ## -
-- 117092
Holdings
Withdrawn status Lost status Damaged status Not for loan Permanent Location Current Location Date acquired Serial Enumeration / chronology Barcode Date last seen Price effective from Koha item type
        Indian Institute of Public Administration Indian Institute of Public Administration 2018-07-19 Volume no: 48, Issue no: 2 AR117552 2018-07-19 2018-07-19 Articles

Powered by Koha